000 00432nam a2200181Ia 4500
001 14013
005 20260306164843.0
008 260306t2008||||xx |||||||||||||| ||spa||
041 _aESP
082 _a005.8
_bP53
100 _aPicouto Ramos, Fernando
_eAUT
245 0 _aHacking y seguridad en internet
260 _c2008
300 _a552 páginas :
_c23 cm.
650 _aGEN
654 _aCCC
942 _cLIB
_dJUS
_fJUS
_2ddc
_n
999 _c14013
_d14013